Loading...
| History - World | 0 | 5 | 0 | 1 | 50 | 69 | 97.20 | 0 | 3 | 0.00 | 0.00 |
| Philosophy | 0 | 5 | 0 | 1 | 50 | 99 | 116.20 | 0 | 2 | 0.00 | 0.00 |
| Social Science | 0 | 4 | 0 | 0 | 40 | 83 | 92.25 | 1 | 2 | 0.00 | 0.00 |
| Mythology | 0 | 3 | 0 | 2 | 30 | 109 | 132.00 | 0 | 1 | 0.00 | 0.00 |
| History - European | 0 | 3 | 0 | 0 | 30 | 73 | 82.67 | 0 | 3 | 0.00 | 0.00 |
| Religion | 0 | 3 | 0 | 1 | 30 | 64 | 105.00 | 0 | 2 | 0.00 | 0.00 |
| Science - Chemistry | 0 | 2 | 0 | 0 | 20 | 70 | 86.00 | 0 | 1 | 0.00 | 0.00 |
| Science - Other | 0 | 3 | 2 | 2 | 20 | 128 | 133.33 | 0 | 0 | 0.00 | 0.00 |
| History - American | 0 | 1 | 0 | 0 | 10 | 33 | 33.00 | 1 | 1 | 0.00 | 0.00 |
| Science - Biology | 0 | 1 | 0 | 0 | 10 | 104 | 104.00 | 0 | 0 | 0.00 | 0.00 |
| History - Other | 0 | 1 | 0 | 1 | 10 | 133 | 133.00 | 0 | 0 | 0.00 | 0.00 |
| Other | 0 | 0 | 1 | 0 | -5 | 0.00 | 0 | 0 | 0.00 | 0.00 |